[Event "St Louis Winter Classic B"]
[Site "Saint Louis USA"]
[Date "2017.03.12"]
[Round "2.1"]
[White "Rambaldi,Francesco"]
[Black "Sukandar,I"]
[Result "1-0"]
[WhiteElo "2559"]
[BlackElo "2423"]

1.e4 c5 2.Nf3 e6 3.d4 cxd4 4.Nxd4 Nc6 5.Nc3 d6 6.g3 Nf6 7.Bg2 Be7 8.Nxc6 bxc6
9.e5 Nd5 10.exd6 Bxd6 11.Ne4 Ba6 12.Bf1 Bxf1 13.Kxf1 Be7 14.Kg2 O-O 15.Qe2 Rb8
16.c4 Nf6 17.Ng5 Qb6 18.Rb1 Rfd8 19.Bf4 Bd6 20.Nxe6 fxe6 21.Qxe6+ Kh8 22.Bxd6
c5 23.Rhd1 Qc6+ 24.f3 Rb6 25.b4 Rxd6 26.Rxd6 Qxd6 27.Qxd6 Rxd6 28.bxc5 Rc6
29.Rb8+ Ng8 30.Rb5 a6 31.Ra5 Ne7 32.Kf2 Kg8 33.Ke3 Kf7 34.Kd3 Ke8 35.f4 Kd7
36.g4 Kc7 37.Ra3 Rh6 38.Ke4 Re6+ 39.Kf3 Nc6 40.f5 Rh6 41.Kg3 Ne7 42.Re3 Kd7
43.h4 Rc6 44.Re5 Rf6 45.h5 h6 46.Kf3 Rc6 47.Kf4 Ke8 48.Ke4 Kf7 49.Kd4 a5
50.Re4 Kf6 51.a3 Kf7 52.Ke5 Ke8 53.Kd4 Kd7 54.Re5 Ra6 55.Ke4 a4 56.Kf4 Ke8
57.Ke4 Kf7 58.Kd3 Kf6 59.Re4 Ra7 60.Kc3 Rb7 61.Re6+ Kf7 62.Rb6 Rc7 63.Kb4 Nc6+
64.Kxa4 Ne5 65.Kb5 Nxg4 66.Re6 Nf6 67.c6 Ne8 68.Kb6 Rc8 69.Kb7 Rd8 70.Rxe8
{#r} 1-0

[Event "St Louis Winter Classic B"]
[Site "Saint Louis USA"]
[Date "2017.03.12"]
[Round "2.2"]
[White "Chandra,Akshat"]
[Black "Chirila,I"]
[Result "0-1"]
[WhiteElo "2505"]
[BlackElo "2522"]

1.e4 e5 2.Nf3 Nc6 3.Bb5 a6 4.Ba4 Nf6 5.O-O Be7 6.Re1 b5 7.Bb3 d6 8.c3 O-O 9.h3
Bb7 10.d4 Nd7 11.Nbd2 exd4 12.cxd4 Bf6 13.Nf1 Na5 14.Bc2 Re8 15.N1h2 c5 16.Ng4
Bxd4 17.Nxd4 cxd4 18.Qxd4 Rc8 19.Qd1 h5 20.Ne3 Bxe4 21.Bxe4 Rxe4 22.b3 Nc6
23.Bb2 Nf6 24.Rc1 Ne7 25.Qf3 Re6 26.Rxc8 Qxc8 27.Rc1 Qd7 28.Qa8+ Kh7 29.Qxa6
d5 30.Qa5 d4 31.Rd1 Rd6 32.Nc2 Nf5 33.Qd2 d3 34.Ne1 Ne4 35.Qf4 Nc5 36.Nf3 f6
37.Ba3 Rd5 38.Bxc5 Rxc5 39.Qe4 Qd5 40.Qxd3 Qxd3 41.Rxd3 Rc1+ 42.Kh2 Ra1 43.Rd5
Kg6 44.g4 hxg4 45.hxg4 Ne7 46.Rxb5 Rxa2 47.Kg3 Ra7 48.b4 Ra3 49.Kg2 Rd3
50.Nh4+ Kf7 51.Rb7 Ke6 52.f4 g5 53.f5+ Kd6 54.Ng6 Nd5 55.b5 Rb3 56.Kf2 Ne3
57.Ke2 Nxg4 58.Nf8 Ke5 59.Nd7+ Kxf5 60.b6 Ne5 61.Nc5 Rb2+ 62.Kd1 Rb5 63.Na4
Nc4 64.Rb8 Rb4 65.b7 Nd6 66.Nc5 Rb5 67.Nd3 Rxb7 68.Rd8 Nf7 69.Rd5+ Ke4 70.Nc5+
Kxd5 71.Nxb7 f5 72.Ke2 f4 73.Na5 g4 74.Nb3 Ne5 75.Nd2 Kd4 76.Kf2 Kd3 77.Nb3
Kc3 78.Na5 Nd3+ 79.Ke2 f3+ 80.Ke3 f2 81.Ke2 g3 82.Kf1 Ne5 {#R} 0-1

[Event "St Louis Winter Classic B"]
[Site "Saint Louis USA"]
[Date "2017.03.12"]
[Round "2.3"]
[White "Krush,I"]
[Black "Ramirez,Alej"]
[Result "1-0"]
[WhiteElo "2444"]
[BlackElo "2549"]

1.c4 b6 2.d4 Bb7 3.Nc3 e6 4.a3 f5 5.d5 exd5 6.cxd5 Nf6 7.e3 Bd6 8.Nf3 Qe7
9.Bc4 O-O 10.O-O a5 11.b3 Na6 12.Bb2 Nc5 13.Nb5 Nce4 14.Nxc7 Rac8 15.Nb5 Kh8
16.Qd4 Bc5 17.Qd3 Qf7 18.Rad1 Qh5 19.h3 Qh6 20.Ne5 f4 21.exf4 Qxf4 22.Nf3 Ng5
23.Nxg5 Qxg5 24.Bc1 Qe5 25.Be3 Ba6 26.Rfe1 Qh5 27.Bxc5 Rxc5 28.Nd6 Bxc4
29.bxc4 Qh4 30.Qd4 Qxd4 31.Rxd4 a4 32.Rb1 Rb8 33.Rb4 Ra5 34.Rd1 Kg8 35.f3 Kf8
36.Rdb1 Ra6 37.Kf2 Ke7 38.Rxb6 {#r} 1-0

[Event "St Louis Winter Classic B"]
[Site "Saint Louis USA"]
[Date "2017.03.12"]
[Round "2.5"]
[White "Hess,Ro"]
[Black "Baryshpolets,A"]
[Result "0-1"]
[WhiteElo "2571"]
[BlackElo "2578"]

1.e4 e6 2.d4 d5 3.Nc3 Nf6 4.Bg5 Bb4 5.exd5 Qxd5 6.Bxf6 Bxc3+ 7.bxc3 gxf6 8.Nf3
b6 9.g3 Bb7 10.Bg2 Qe4+ 11.Kf1 Qc6 12.Ne1 Qc4+ 13.Qd3 Bxg2+ 14.Kxg2 Qxd3
15.Nxd3 Nc6 16.Rhe1 Rd8 17.Nf4 Ke7 18.Rab1 a6 19.Re3 Rd6 20.Rbe1 Rg8 21.h4 Na5
22.Kh3 Nc4 23.Rf3 Nd2 24.Rd3 Nc4 25.Rf3 f5 26.Nd3 Kd7 27.Rf4 Rd5 28.f3 f6
29.Nb4 Ra5 30.d5 Ne5 31.dxe6+ Kxe6 32.g4 fxg4+ 33.fxg4 h6 34.c4 Ra3+ 35.Kg2
Kd7 36.Ree4 h5 37.Rxf6 Rxg4+ 38.Rxg4 Nxg4 39.Rf3 Ra4 40.a3 a5 41.Nd5 Rxc4
42.Rf5 Ke6 43.Rxh5 Nf6 44.Rh6 Kxd5 45.Rxf6 Rxh4 {#R} 0-1

[Event "66th ch-GRE 2017"]
[Site "Thessaloniki GRE"]
[Date "2017.03.12"]
[Round "9.2"]
[White "Nikolaidis,I"]
[Black "Mastrovasilis,A"]
[Result "1-0"]
[WhiteElo "2557"]
[BlackElo "2537"]

1.c4 c6 2.Nf3 d5 3.e3 Nf6 4.Nc3 e6 5.b3 Nbd7 6.Qc2 b6 7.Bb2 Bb7 8.Be2 c5
9.cxd5 exd5 10.O-O Be7 11.d4 O-O 12.Rfd1 Rc8 13.Rac1 a6 14.dxc5 bxc5 15.Qf5
Qb6 16.Ng5 h6 17.Nh3 Qe6 18.Bd3 Bd6 19.Nf4 Qxf5 20.Bxf5 Bxf4 21.exf4 d4 22.Na4
Be4 23.Bxd7 Nxd7 24.Ba3 Rfe8 25.Nxc5 Nxc5 26.Bxc5 d3 27.f3 Bg6 28.Rd2 Re2
29.Rxe2 dxe2 30.Kf2 Bd3 31.Ke1 f6 32.Rc3 Rd8 33.a4 Kf7 34.g4 g6 35.b4 f5
36.Be3 Rd6 37.Rc7+ Ke6 38.Rc5 Rd5 39.Rc3 Rd6 40.h3 h5 41.Rc8 Kd7 42.Rc3 Ke6
43.Bd2 Rd4 44.Be3 Rd6 45.Kf2 hxg4 46.hxg4 fxg4 47.fxg4 Be4 48.Kxe2 Bc6 49.Ra3
Kd5 50.Ra1 Kc4 51.Bd2 Re6+ 52.Kf2 Kd3 53.Be1 Kc2 54.Ra3 Kb2 55.Re3 Rxe3
56.Kxe3 Bxa4 57.f5 gxf5 58.gxf5 Kb3 59.Kd4 Be8 60.Kc5 Bf7 61.Bg3 Kc3 62.Bc7
Bb3 63.f6 Ba2 64.Ba5 Kd3 65.Kd6 Ke4 66.Ke7 Bc4 67.f7 Bxf7 68.Kxf7 Kd5 69.Ke7
Kc6 70.Ke6 Kb7 71.Kd6 {#r} 1-0

[Event "66th ch-GRE 2017"]
[Site "Thessaloniki GRE"]
[Date "2017.03.12"]
[Round "9.3"]
[White "Karagiannis,A"]
[Black "Pavlidis,Ant"]
[Result "0-1"]
[WhiteElo "2194"]
[BlackElo "2532"]

1.d4 Nf6 2.Nf3 g6 3.g3 Bg7 4.Bg2 O-O 5.O-O d6 6.Re1 c5 7.dxc5 dxc5 8.Qxd8 Rxd8
9.c3 Na6 10.Na3 Nd5 11.Bg5 h6 12.Bd2 Nb6 13.Rad1 Be6 14.h4 Bxa2 15.Bf4 Nd5
16.e4 Nxf4 17.gxf4 Nc7 18.h5 Bb3 19.Rxd8+ Rxd8 20.hxg6 fxg6 21.f5 gxf5 22.exf5
Rd1 23.Kh2 Rxe1 24.Nxe1 b5 25.Bf1 b4 26.cxb4 Bxb2 27.Nac2 cxb4 28.Nxb4 a5
29.Ned3 Ba3 30.Nc5 Bf7 31.Nbd3 Bc4 32.Bg2 a4 33.Ne5 Bxc5 34.Nxc4 a3 35.Nd2 a2
36.Nb3 Bxf2 {#R} 0-1

[Event "66th ch-GRE 2017"]
[Site "Thessaloniki GRE"]
[Date "2017.03.12"]
[Round "9.4"]
[White "Kotronias,V"]
[Black "Galopoulos,N"]
[Result "1-0"]
[WhiteElo "2524"]
[BlackElo "2379"]

1.e4 c5 2.Nf3 d6 3.d4 cxd4 4.Nxd4 Nf6 5.Nc3 a6 6.h3 e6 7.g4 Be7 8.Bg2 Nfd7
9.f4 Nc6 10.Nf3 b5 11.O-O Bb7 12.Ne2 b4 13.Ng3 Qc7 14.a3 bxa3 15.Rxa3 Nb6
16.Rc3 d5 17.Ne5 Rd8 18.Nxc6 Bxc6 19.e5 Na4 20.Rcf3 d4 21.f5 Qxe5 22.fxe6 O-O
23.exf7+ Kh8 24.Rf4 Bxg2 25.Kxg2 Nb6 26.Re4 Qd5 27.Qf3 Bf6 28.Qb3 Qxb3 29.cxb3
d3 30.Bd2 h6 31.h4 Rxf7 32.g5 hxg5 33.hxg5 Bxg5 34.Bxg5 Rxf1 35.Nxf1 {#r} 1-0

[Event "ch-IRI 2017"]
[Site "Tehran IRI"]
[Date "2017.03.12"]
[Round "10.1"]
[White "Idani,P"]
[Black "Tabatabaei,M"]
[Result "0-1"]
[WhiteElo "2576"]
[BlackElo "2515"]

1.e4 a6 2.d4 e6 3.c4 d5 4.Nc3 dxe4 5.Nxe4 Bb4+ 6.Nc3 Nf6 7.a3 Be7 8.Nf3 c5
9.Bf4 cxd4 10.Nxd4 O-O 11.Bd3 Nbd7 12.Bg3 g6 13.Be2 Nc5 14.Bf3 e5 15.Bxe5 Ng4
16.Bg3 Bf6 17.Nce2 Ne5 18.Bxe5 Bxe5 19.O-O Qh4 20.g3 Qf6 21.Qd2 Bh3 22.Bd5
Bxf1 23.Rxf1 Rad8 24.f4 Bxd4+ 25.Qxd4 Qxd4+ 26.Nxd4 b5 27.b4 Na4 28.Nc6 Rd7
29.c5 Re8 30.Bf3 Rd3 31.Ne5 Rxa3 32.Bb7 Nc3 33.c6 Re7 34.Rf3 Ra1+ 35.Kg2 Ra2+
36.Kf1 Nd5 37.Rd3 Nxb4 38.Rd4 a5 {#R} 0-1

[Event "ch-IRI 2017"]
[Site "Tehran IRI"]
[Date "2017.03.12"]
[Round "10.2"]
[White "Ghaem Maghami,E"]
[Black "Maghsoodloo,Parham"]
[Result "0-1"]
[WhiteElo "2577"]
[BlackElo "2576"]

1.c4 e5 2.Nc3 Bb4 3.Nf3 Bxc3 4.dxc3 d6 5.c5 Ne7 6.e4 O-O 7.Bc4 Nbc6 8.Bg5 Kh8
9.O-O f6 10.Be3 Bg4 11.h3 Bh5 12.Be2 Bg6 13.cxd6 cxd6 14.Qa4 Qe8 15.Nh4 Bf7
16.Qb5 d5 17.exd5 Nxd5 18.Rfd1 a6 19.Qc5 b6 20.Qd6 Nxe3 21.fxe3 e4 22.Nf5 b5
23.Qf4 Bg6 24.Rd6 Ne5 25.Rad1 Qf7 26.a3 Qa2 27.R1d2 Qb1+ 28.Kh2 Rae8 29.Nh4
Bf7 30.Rxf6 Qe1 31.Rd5 g5 32.Qxg5 Rg8 33.Qf4 Bxd5 34.Bh5 Nd3 35.Ng6+ Rxg6
36.Rf8+ Bg8 {#R} 0-1

[Event "ch-IRI 2017"]
[Site "Tehran IRI"]
[Date "2017.03.12"]
[Round "10.4"]
[White "Firouzja,Alireza"]
[Black "Mosadeghpour,Masoud"]
[Result "0-1"]
[WhiteElo "2470"]
[BlackElo "2444"]

1.c4 g6 2.d4 Nf6 3.g3 d5 4.cxd5 Nxd5 5.Nf3 Bg7 6.Bg2 O-O 7.O-O Nb6 8.Nc3 Nc6
9.e3 Bg4 10.h3 Be6 11.b3 a5 12.Bb2 a4 13.Ng5 Bc8 14.Ba3 Re8 15.Nge4 e5 16.d5
Na5 17.d6 c6 18.Nc5 axb3 19.axb3 Nd7 20.N3a4 b6 21.b4 bxc5 22.bxa5 e4 23.Bb2
Rxa5 24.Bxg7 Kxg7 25.Nc3 f5 26.Qd2 Rxa1 27.Rxa1 Qf6 28.Ra8 Ne5 29.Na4 Rd8
30.Nxc5 Rxd6 31.Qa5 Bd7 32.Ra7 Rd5 33.Qb6 Kh6 34.Nb3 Rb5 35.Qc7 Rxb3 36.Bf1
Rb1 37.Kg2 Rd1 38.h4 Rd2 39.Qa5 Qd6 40.Qa6 c5 {#R} 0-1

[Event "ch-IRI 2017"]
[Site "Tehran IRI"]
[Date "2017.03.12"]
[Round "10.5"]
[White "Lorparizangeneh,S"]
[Black "Mousavi,Se"]
[Result "0-1"]
[WhiteElo "2524"]
[BlackElo "2412"]

1.e4 e6 2.d4 d5 3.Nd2 Be7 4.e5 c5 5.c3 Nc6 6.Bd3 cxd4 7.cxd4 Nh6 8.Ndf3 Nf5
9.Ne2 f6 10.Bxf5 exf5 11.O-O O-O 12.Qb3 g5 13.Rd1 f4 14.Nc3 Be6 15.Qxb7 Rc8
16.Qa6 g4 17.Ne1 fxe5 18.dxe5 g3 19.Kh1 Qe8 20.Qe2 Rd8 21.fxg3 fxg3 22.Bh6 Qh5
23.h3 Bxh3 {#R} 0-1

[Event "ch-IRI 2017"]
[Site "Tehran IRI"]
[Date "2017.03.12"]
[Round "10.6"]
[White "Bagheri,Maziar"]
[Black "Pourramezanali,A"]
[Result "1-0"]
[WhiteElo "2302"]
[BlackElo "2510"]

1.d4 Nf6 2.c4 e6 3.Nc3 Bb4 4.Qc2 O-O 5.Bg5 d6 6.a3 Bxc3+ 7.Qxc3 Nbd7 8.g3 h6
9.Bxf6 Nxf6 10.Bg2 Re8 11.Nf3 e5 12.dxe5 dxe5 13.O-O Qe7 14.Ne1 e4 15.Nc2 h5
16.Ne3 h4 17.Rad1 h3 18.Bh1 c6 19.Rd2 Ng4 20.Rd4 Nxe3 21.Qxe3 Bf5 22.f3 exf3
23.Qxe7 Rxe7 24.Bxf3 Re3 25.Rfd1 g5 26.Kf2 Rae8 27.g4 Bc8 28.R4d3 R3e5 29.e4
Kg7 30.Rd8 Rxd8 31.Rxd8 Be6 32.Rb8 b6 33.b3 Kf6 34.Ke3 b5 35.cxb5 Rxb5 36.Rxb5
cxb5 37.b4 Ke5 38.Be2 a6 39.Bf3 Bc4 40.Bd1 Ba2 41.Be2 Be6 42.Bf3 Bc4 43.Bd1
Ba2 44.Be2 Bb1 45.Bf1 Bxe4 46.Bxh3 Kd5 47.Bf1 Bh1 48.Bd3 Bg2 49.Bf5 Kc4 50.Bc8
Kb3 51.Bxa6 Bf1 52.Kd4 Kxa3 53.Kc5 Ka4 54.Bc8 Be2 55.Bf5 f6 56.Bd7 Bf1 57.Kd6
Kxb4 58.Ke6 Kc5 59.Kxf6 b4 60.Ba4 Kd6 61.Bb3 Be2 62.Kxg5 Ke7 63.h3 Kf8 64.Kf6
Bb5 65.g5 {#r} 1-0

[Event "FSGM March 2017"]
[Site "Budapest HUN"]
[Date "2017.03.12"]
[Round "8.1"]
[White "Chekletsov,Ilya"]
[Black "Czebe,A"]
[Result "1-0"]
[WhiteElo "2391"]
[BlackElo "2490"]

1.d4 d6 2.Nf3 Nf6 3.c4 h6 4.Nc3 Bf5 5.g3 c6 6.Bg2 Nbd7 7.O-O e5 8.d5 Be7 9.Ne1
O-O 10.e4 Bh7 11.Nd3 cxd5 12.cxd5 Nc5 13.Nxc5 dxc5 14.f4 Bd6 15.f5 Be7 16.Be3
Ne8 17.h4 Nd6 18.Qg4 Kh8 19.Rad1 b6 20.Rf2 Rg8 21.Rdf1 Qc7 22.Qh3 Qd8 23.Bh1
Rc8 24.Rh2 b5 25.g4 b4 26.Ne2 g5 27.hxg5 Bxg5 28.Bxg5 Qxg5 29.Qxh6 Qxh6
30.Rxh6 f6 31.Bf3 Rcf8 32.Kf2 c4 33.Rg1 a5 34.g5 Nf7 35.Rxf6 Nxg5 36.Rxf8 Nh3+
37.Ke3 Rxf8 38.Rg3 Nf4 39.Nxf4 exf4+ 40.Kxf4 a4 41.Bd1 Ra8 42.a3 c3 43.bxc3
{#r} 1-0

[Event "FSGM March 2017"]
[Site "Budapest HUN"]
[Date "2017.03.12"]
[Round "8.2"]
[White "Iniyan,P"]
[Black "Torma,R"]
[Result "1-0"]
[WhiteElo "2378"]
[BlackElo "2499"]

1.d4 Nf6 2.c4 e6 3.Nc3 Bb4 4.Nf3 d5 5.cxd5 exd5 6.Bg5 Nbd7 7.e3 c5 8.Bd3 Qa5
9.Qc2 c4 10.Bf5 O-O 11.O-O Re8 12.Nd2 g6 13.Bxd7 Nxd7 14.e4 Bxc3 15.Qxc3 Qxc3
16.bxc3 f6 17.Bh4 Kf7 18.a4 dxe4 19.Nxc4 Re6 20.Bg3 Nb6 21.Nd6+ Ke7 22.Nb5 Rc6
23.Nc7 Rb8 24.a5 Nd7 25.Nd5+ Ke6 26.Ne3 Rxc3 27.Bxb8 Nxb8 28.Rfc1 Rxc1+
29.Rxc1 Bd7 30.Rc7 Nc6 31.Rxb7 Nxa5 32.Rxa7 Nb3 33.d5+ Ke7 34.Ng4 f5 35.Nf6
Kxf6 36.Rxd7 h5 37.d6 Nc5 38.Rh7 {#r} 1-0

[Event "FSGM March 2017"]
[Site "Budapest HUN"]
[Date "2017.03.12"]
[Round "8.3"]
[White "Colpe,M"]
[Black "Kovalev,An"]
[Result "0-1"]
[WhiteElo "2408"]
[BlackElo "2504"]

1.d4 Nf6 2.c4 d6 3.Nc3 Nbd7 4.e4 e5 5.d5 Nc5 6.f3 a5 7.Be3 Be7 8.Qd2 c6
9.O-O-O cxd5 10.cxd5 b6 11.g4 O-O 12.Kb1 Bd7 13.Nge2 Qb8 14.Ng3 b5 15.Bxc5
dxc5 16.d6 Bd8 17.Nf5 c4 18.g5 Nh5 19.Nd5 Kh8 20.Nde7 Re8 21.Qd5 Bxf5 22.exf5
Bxe7 23.Qxf7 Bxg5 24.Qxh5 Bf6 25.d7 Rf8 26.Bg2 Qc7 27.Rd5 Rad8 28.Rhd1 c3
29.bxc3 e4 30.Rc1 e3 31.f4 Rxd7 32.Qe2 Rxd5 33.Bxd5 Qxf4 34.Qf3 Qd6 35.Be4 Qc5
36.Rc2 Rd8 {#R} 0-1

[Event "ch-CZE Junior 2017"]
[Site "Kouty nad Desnou CZE"]
[Date "2017.03.12"]
[Round "3.1"]
[White "Hollan,Petr"]
[Black "Machan,J"]
[Result "1-0"]
[WhiteElo "2332"]
[BlackElo "2294"]

1.e4 d6 2.d4 Nf6 3.Nc3 e5 4.Nf3 Nbd7 5.Bc4 Be7 6.O-O O-O 7.Re1 c6 8.a4 b6 9.d5
Bb7 10.dxc6 Bxc6 11.Nd5 Rc8 12.Ba6 Rb8 13.Bb5 Bb7 14.Nxe7+ Qxe7 15.Nh4 g6
16.Bg5 Qe6 17.f3 a6 18.Bf1 d5 19.exd5 Nxd5 20.c4 N5f6 21.b4 Rfe8 22.Qd2 e4
23.Rad1 Qc6 24.Qd6 exf3 25.Nxf3 Rxe1 26.Nxe1 Ne4 27.Qxc6 Bxc6 28.Bf4 Nc3
29.Rxd7 Re8 30.Rd3 {#r} 1-0

[Event "ch-CZE Junior 2017"]
[Site "Kouty nad Desnou CZE"]
[Date "2017.03.12"]
[Round "3.2"]
[White "Kozusek,Daniel"]
[Black "Eret,Jonas"]
[Result "1-0"]
[WhiteElo "2216"]
[BlackElo "2235"]

1.d4 d6 2.c4 e5 3.Nf3 Nd7 4.Nc3 Ngf6 5.Bg5 Be7 6.Qc2 O-O 7.e3 c6 8.O-O-O Qc7
9.Bd3 Re8 10.Kb1 Nf8 11.c5 exd4 12.cxd6 Qxd6 13.Nxd4 Qc5 14.Bh4 Qh5 15.Bg3 g6
16.Be2 Qa5 17.Nb3 Qg5 18.h4 Qh6 19.Bf4 Qg7 20.h5 Nxh5 21.Bxh5 gxh5 22.g4 Bxg4
23.Rdg1 Ng6 24.Nd4 Bf6 25.Rxg4 hxg4 26.Nf5 Qf8 27.Bd6 Be7 28.Ne4 f6 29.Qb3+
Kh8 30.Qxb7 Qf7 31.Bg3 Qd5 32.Rxh7+ Kxh7 33.Nxf6+ Kh8 34.Nxd5 cxd5 35.Qxd5
{#r} 1-0

[Event "ch-CZE Junior 2017"]
[Site "Kouty nad Desnou CZE"]
[Date "2017.03.12"]
[Round "3.4"]
[White "Slovak,Kilian"]
[Black "Husek,Martin"]
[Result "1-0"]
[WhiteElo "2143"]
[BlackElo "2174"]

1.e4 c5 2.Nf3 e6 3.c4 Nc6 4.Nc3 Nf6 5.Be2 Nd4 6.e5 Nxe2 7.Qxe2 Ng8 8.d3 d5
9.O-O Ne7 10.Bg5 Qd7 11.d4 cxd4 12.Nb5 Nf5 13.cxd5 a6 14.Nbxd4 Nxd4 15.Nxd4 h6
16.Bh4 Qxd5 17.Rfd1 Bd7 18.Rac1 Qa5 19.Qf3 Qb6 20.Rc3 Rb8 21.Rb3 Bb4 22.a3 Ba4
23.Rxb4 Bxd1 24.Rxb6 Bxf3 25.Nxf3 Kd7 26.Kf1 Kc7 27.Rb3 g5 28.Bg3 Rbd8 29.Ne1
Rd2 30.f3 Rhd8 31.Bf2 R8d5 32.Be3 Rd1 33.Ke2 Rb1 34.Nd3 b5 35.Rc3+ Kb7 36.Nc5+
Ka8 37.Nd3 Kb7 38.h3 a5 39.Rc1 Rxc1 40.Bxc1 Rd4 41.Bd2 a4 42.Bc3 Rc4 43.Kd2 h5
44.Nf2 Kc6 45.Ne4 g4 46.hxg4 hxg4 47.Nd6 Rf4 48.Ke3 gxf3 49.gxf3 Rh4 50.Nxf7
Kd5 51.Nd6 Kc5 52.Bb4+ Kc6 53.Ne4 Kd5 54.Bc3 Rh3 55.Nf2 Rh2 56.Nd3 Kc4 57.Nf4
b4 58.axb4 a3 59.bxa3 Kxc3 60.Nxe6 Kc4 61.Ke4 Re2+ 62.Kf5 Re3 63.f4 Rxa3
64.Ng7 Kd5 65.e6 Kd6 66.Kf6 Re3 67.e7 Rxe7 68.Nf5+ {#r} 1-0

[Event "ch-CZE Junior 2017"]
[Site "Kouty nad Desnou CZE"]
[Date "2017.03.12"]
[Round "3.6"]
[White "Havelka,Josef"]
[Black "Vykouk,Jan"]
[Result "1-0"]
[WhiteElo "2282"]
[BlackElo "2424"]

1.e4 c5 2.Nf3 d6 3.d4 Nf6 4.Nc3 cxd4 5.Nxd4 g6 6.Bc4 Bg7 7.Be3 O-O 8.f3 Nc6
9.Qd2 Bd7 10.O-O-O Rc8 11.Bb3 Ne5 12.Kb1 Nc4 13.Bxc4 Rxc4 14.g4 h5 15.g5 Ne8
16.Qd3 Rc8 17.Rhf1 Nc7 18.f4 Na6 19.f5 Nc5 20.Qe2 b5 21.Nd5 Re8 22.Qf3 Kh7
23.Nf4 e5 24.Nxg6 exd4 25.Qxh5+ Kg8 26.Bxd4 Bxf5 27.exf5 Bxd4 28.f6 {#r} 1-0

[Event "16th Mediterranean Flower"]
[Site "Rijeka CRO"]
[Date "2017.03.12"]
[Round "1.4"]
[White "Nikolova,A"]
[Black "Cvitan,Ena"]
[Result "1-0"]
[WhiteElo "2339"]
[BlackElo "2029"]

1.e4 c6 2.d4 d5 3.Nd2 dxe4 4.Nxe4 Bf5 5.Ng3 Bg6 6.Nf3 e6 7.h4 h6 8.Bd3 Bxd3
9.Qxd3 Nf6 10.Bd2 c5 11.Ne4 Nbd7 12.dxc5 Nxc5 13.Nxc5 Bxc5 14.Qb5+ Nd7 15.Qxb7
O-O 16.Bc3 Rb8 17.Qc6 Rc8 18.Qb5 Nf6 19.Bxf6 Qxf6 20.O-O Be7 21.c3 Rc5 22.Qe2
Qf4 23.Rad1 Bf6 24.Rfe1 Ra5 25.a3 Rb8 26.g3 Qc7 27.Nd4 Qb6 28.Rd2 Bxd4 29.Rxd4
Qxb2 30.Rb4 Rxb4 31.axb4 Qxe2 32.Rxe2 Ra1+ 33.Kg2 Rc1 34.Re3 Kf8 35.f4 Ke7
36.Rd3 g6 37.Kf2 Kf6 38.Ke2 g5 39.fxg5+ hxg5 40.Rf3+ Ke7 41.hxg5 a5 42.Kd2 Ra1
43.Kc2 axb4 44.cxb4 e5 45.b5 e4 46.Rf4 Ra4 47.Kb3 Rd4 48.g4 Ke6 49.Kc3 Ra4
50.b6 Ra3+ 51.Kb2 Ra4 52.Kb3 Ra6 53.Rf6+ {#r} 1-0

[Event "41st Blackpool Conference"]
[Site "Blackpool ENG"]
[Date "2017.03.12"]
[Round "4.1"]
[White "Merry,Alan B"]
[Black "Wells,P"]
[Result "0-1"]
[WhiteElo "2414"]
[BlackElo "2433"]

1.d4 Nf6 2.Bg5 d5 3.e3 c5 4.Bxf6 gxf6 5.dxc5 Nc6 6.c3 e6 7.b4 a5 8.Bb5 Bd7
9.Nf3 Rg8 10.O-O axb4 11.Bxc6 Bxc6 12.cxb4 d4 13.Qe2 d3 14.Qd1 f5 15.a4 Bg7
16.Ra3 Be5 17.b5 Bxh2+ 18.Kxh2 Rxg2+ 19.Kh1 Bxf3 20.Qxf3 Rg4 21.Kh2 Qg5 22.c6
Rh4+ 23.Qh3 Rxh3+ 24.Kxh3 Ke7 {#R} 0-1

[Event "41st Blackpool Conference"]
[Site "Blackpool ENG"]
[Date "2017.03.12"]
[Round "4.2"]
[White "Storey,Ch"]
[Black "Okhai,Shabir"]
[Result "1-0"]
[WhiteElo "2255"]
[BlackElo "2105"]

1.c4 Nf6 2.Nc3 e6 3.b3 d5 4.e3 b6 5.Nf3 Bb7 6.Bb2 Be7 7.cxd5 exd5 8.Ne2 Ba6
9.d3 Bb4+ 10.Nc3 O-O 11.Be2 Re8 12.O-O Nbd7 13.a3 Bd6 14.b4 c5 15.bxc5 Nxc5
16.a4 Rc8 17.Nb5 Bb8 18.Nbd4 Nb7 19.g3 Nd6 20.Qb3 Bb7 21.Rfe1 Nd7 22.Reb1 Nc5
23.Qd1 Ne6 24.Bf1 Nxd4 25.Nxd4 Qg5 26.Qf3 Qg6 27.h4 Rcd8 28.Ba3 Nc8 29.Nf5 Nd6
30.Bxd6 Bxd6 31.d4 Bc8 32.Nxd6 Rxd6 33.Rc1 Bg4 34.Qh1 Qf5 35.Ra3 Bf3 36.Bg2
Be2 37.Qh3 Qxh3 38.Bxh3 Bc4 39.Bg2 f5 40.f3 a6 41.e4 fxe4 42.fxe4 b5 43.e5 Rb6
44.a5 Rbb8 45.Raa1 Kf8 46.Rab1 b4 47.Rb2 b3 48.Rc3 Ke7 49.Be4 h6 50.Bd3 Rec8
51.Kf2 Rb5 52.Ke3 Kd8 53.Rc1 Rxa5 54.Rf2 Rc7 55.Rf8+ Ke7 56.Rcf1 Kd7 57.R1f7+
Kc6 58.Rxc7+ Kxc7 59.e6 Kd6 60.Bf5 g6 61.Rd8+ Ke7 62.Rd7+ {#r} 1-0

[Event "41st Blackpool Conference"]
[Site "Blackpool ENG"]
[Date "2017.03.12"]
[Round "4.4"]
[White "Fallowfield,J"]
[Black "Hebden,M"]
[Result "1-0"]
[WhiteElo "2069"]
[BlackElo "2490"]

1.d4 Nf6 2.c4 g6 3.Nc3 Bg7 4.e4 d6 5.Be2 O-O 6.Bg5 Nbd7 7.Qd2 c5 8.d5 b5
9.cxb5 a6 10.Nf3 Qa5 11.O-O Re8 12.Rfe1 Ng4 13.a4 Nge5 14.Nxe5 Bxe5 15.Bf4 Bh8
16.Rab1 Nb6 17.bxa6 Bxa6 18.Nb5 Qxd2 19.Bxd2 Rec8 20.b3 f5 21.exf5 gxf5 22.Bd3
Bxb5 23.Bxb5 Kf7 24.Bc6 Rxc6 25.dxc6 Nd5 26.Rec1 Bd4 27.a5 Ke6 28.b4 cxb4
29.Bxb4 Nxb4 30.Rxb4 Bc5 31.Rb7 Kd5 32.c7 Rc8 33.a6 Kc6 34.Rcb1 Kd5 {#r} 1-0

[Event "41st Blackpool Conference"]
[Site "Blackpool ENG"]
[Date "2017.03.12"]
[Round "4.5"]
[White "Mitchell,M"]
[Black "Zhou,Qiyu"]
[Result "0-1"]
[WhiteElo "2208"]
[BlackElo "2287"]

1.d4 Nf6 2.c4 e6 3.Nc3 Bb4 4.e3 O-O 5.Ne2 d5 6.a3 Be7 7.cxd5 exd5 8.b4 c6
9.Nf4 b5 10.Bd3 a5 11.bxa5 Rxa5 12.O-O Nbd7 13.Qc2 h6 14.Bb2 Nb6 15.e4 dxe4
16.Nxe4 Na4 17.Bc3 Nxc3 18.Qxc3 Ra4 19.Ne2 Qd5 20.Nxf6+ Bxf6 21.Rac1 Bb7
22.Bc2 c5 23.Nf4 Qxd4 24.Bxa4 Qxf4 25.Qb3 Be5 26.Qh3 bxa4 27.Rxc5 Bd4 28.Qf5
Qd6 29.Rcc1 Qxa3 30.Qd7 Qb4 31.Rfd1 Bb2 32.Rc7 Ba6 33.Ra7 Be2 34.Rb7 Qc3
35.Rc7 Qb3 36.Re1 a3 37.Rc8 Rxc8 38.Qxc8+ Kh7 39.Qf5+ g6 40.Qe4 Bd3 {#R} 0-1

[Event "41st Blackpool Conference"]
[Site "Blackpool ENG"]
[Date "2017.03.12"]
[Round "4.7"]
[White "Kett,T"]
[Black "Moreby,James"]
[Result "1-0"]
[WhiteElo "2210"]
[BlackElo "2147"]

1.e4 c5 2.c3 e6 3.d4 d5 4.exd5 exd5 5.Nf3 Nf6 6.Be2 Be7 7.dxc5 Bxc5 8.O-O O-O
9.Bg5 Be7 10.Nbd2 h6 11.Bh4 Nc6 12.Nb3 Bg4 13.Nfd4 Bxe2 14.Qxe2 Qd7 15.Rfe1
Rfe8 16.Qd3 Ne4 17.Bxe7 Rxe7 18.f3 Nf6 19.Qf5 Nxd4 20.Nxd4 Rae8 21.Qxd7 Rxe1+
22.Rxe1 Rxe1+ 23.Kf2 Nxd7 24.Kxe1 g6 25.Nb5 a6 26.Nd6 b6 27.Ne8 a5 28.Nc7 Nf6
29.Na8 Nd7 30.Nc7 Nf6 31.Kd2 Kf8 32.a4 Ke7 33.b4 d4 34.bxa5 dxc3+ 35.Kxc3 bxa5
36.Kc4 Kd6 37.Nb5+ Kc6 38.Nd4+ Kb6 39.Nb3 h5 40.Kd4 h4 41.Ke5 Nh5 42.f4 f5
43.h3 Ng3 44.Kf6 Ne2 45.Kxg6 Nxf4+ 46.Kxf5 Nxg2 47.Kg4 Ka6 48.Nc5+ Kb6 49.Nd3
Ne3+ 50.Kxh4 Kc6 51.Kg5 Ng2 52.Nf4 Ne1 53.Kg4 Kd6 54.h4 Ke7 55.Kf5 Nf3 56.h5
Kf7 57.Ke4 Nd2+ 58.Kd3 Nb3 59.Kc4 Nd2+ 60.Kb5 Nb3 61.Nd3 Kg7 62.Nc5 Nd4+
63.Kxa5 Kh6 64.Kb6 Nc2 65.Nd3 Na3 66.Nf4 Kg5 67.Kc5 Nb1 68.a5 Nd2 69.a6 Ne4+
70.Kc6 {#r} 1-0

[Event "41st Blackpool Conference"]
[Site "Blackpool ENG"]
[Date "2017.03.12"]
[Round "4.8"]
[White "Tate,A"]
[Black "Jayawarna,Nugith"]
[Result "1-0"]
[WhiteElo "2337"]
[BlackElo "2067"]

1.Nf3 c5 2.c4 Nc6 3.d4 cxd4 4.Nxd4 g6 5.e4 Bg7 6.Be3 Nf6 7.Nc3 d6 8.Be2 O-O
9.O-O Bd7 10.Nc2 Rc8 11.Qd2 Ne5 12.b3 Re8 13.h3 Bc6 14.f3 b6 15.Rad1 Bb7
16.Rfe1 a6 17.Nb4 Ned7 18.Rc1 Nc5 19.Red1 Qc7 20.Ncd5 Nxd5 21.exd5 Qd7 22.Bf1
Qf5 23.Nc2 Rc7 24.Qb4 Nd7 25.Nd4 Qe5 26.Qd2 Nc5 27.Re1 Qf6 28.Ne2 Qf5 29.Ng3
Qc8 30.Bf4 a5 31.Ne2 a4 32.b4 Nd7 33.Nd4 Ne5 34.Nb5 Nxc4 35.Qc2 Bxd5 36.Nxc7
Qxc7 37.Bxc4 Bxc4 38.Qxc4 {#r} 1-0

[Event "41st Blackpool Conference"]
[Site "Blackpool ENG"]
[Date "2017.03.12"]
[Round "4.9"]
[White "Hamer,M"]
[Black "Merriman,J"]
[Result "0-1"]
[WhiteElo "2042"]
[BlackElo "2226"]

1.d4 e6 2.c4 Nf6 3.Nf3 d5 4.Nc3 Be7 5.Bf4 O-O 6.e3 Nbd7 7.a3 c6 8.Bd3 Nh5
9.Bg3 Nxg3 10.hxg3 f5 11.Ne5 Nxe5 12.dxe5 g6 13.Qe2 a6 14.Rd1 Qc7 15.f4 b5
16.cxd5 exd5 17.Qc2 Qb6 18.Ke2 Bc5 19.Qd2 a5 20.Bxb5 cxb5 21.Nxd5 Qb7 22.Rc1
Bb6 23.Kf2 Be6 24.Nf6+ Rxf6 25.exf6 Rd8 26.Qc3 Qe4 27.Rce1 b4 28.axb4 axb4
29.Qe5 Rd2+ 30.Re2 Bxe3+ {#R} 0-1